000 00476nam a2200133Ia 4500
005 20260209120150.0
008 260209s9999||||xx |||||||||||||| ||und||
100 _aSaloni Goyal
245 0 _aDecriminalization of attempt to commit suicide in India
260 _aBangaloreBangalore
_bNLSIU, Bangalore
_c2023 - 2024
300 _a36 p. ; 25 cm.
700 _aMr. Pranav Verma - SupervisorMr. Pranav Verma - Supervisor
856 _uhttps://dans.nls.ac.in/handle/123456789/2220
999 _c217706
_d217706